WW1 trivia! - Statistics

General Stats
  • This quiz has been taken 16 times
  • The average score is 7 of 16
Answer Stats
Hint Answer % Correct
The leader of Germany at the time, one of three cousins ruling three powerful countries. Kaiser Wilhelm II
93%
The man who's assassination led to the start of WW1. Archduke Franz Ferdinand
73%
President of the USA and key leader at the end of the war, wanted peace between the countries involved. President Woodrow Wilson
73%
Third cousin and Tsar of Russia at the time. Tsar Nicholas II
73%
Cousin to the above and the bellow prime minister of Great Britain at the time. David Lloyd George
67%
Incredibly important treaty at the end of the war, causing Germany to pay millions in reparations and have a limited army, among much else. The Treaty of Versailles
53%
The A in MAIN, is essentially "Friendships" between countries. Alliances
47%
The person who assassinated him, his wife and their unborn baby. A Bosnian Serb nationalist Gavrilo Princip
47%
The N in MAIN, when people feel very strongly patriotic about their country. Nationalism
47%
The M in MAIN, one of the main causes of WW1, means when countries race to build the biggest army. Militarism
33%
The gang the assassin was part of The Black Hand Gang
33%
The I in MAIN, when countries try to have the biggest empire, taking over many smaller, less developed countries. Imperialism
27%
When various European countries raced to take over countries in Africa. The Scramble for Africa
27%
Prime minister of France at the time, wanted Germany to suffer and pay for all the damage at the end of the war. Nicknamed ,"The Vampire". Georges Clemenceau
20%
The German plan to invade France via Belgium. The Schlieffen Plan
20%
When Germany tried to have a navy rivaling Britain's. The Anglo-German Naval Race
7%
No matching quizzes found
Score Distribution
Percent of People with Each Score
Percentile by Number Answered
Your Score History
You have not taken this quiz